Every Song by Andrew McMahon in the Wilderness - Statistics

General Stats
  • This quiz has been taken 3 times
  • The average score is 7 of 48
Answer Stats
Album Song % Correct
Andrew McMahon in the Wilderness(2014) Cecilia and the Satellite
100%
Zombies on Broadway(2017) Fire Escape
100%
Upside Down Flowers(2018) Ohio
100%
Andrew McMahon in the Wilderness(2014) High Dive
67%
Zombies on Broadway(2017) Brooklyn, You're Killing Me
33%
Andrew McMahon in the Wilderness(2014) Canyon Moon
33%
Andrew McMahon in the Wilderness(2014) Halls
33%
Tilt at the Wind No More(2023) Lying on the Hood of Your Car
33%
Upside Down Flowers(2018) Monday Flowers
33%
Tilt at the Wind No More(2023) New Friends
33%
Upside Down Flowers(2018) Penelope
33%
Tilt at the Wind No More(2023) Smoke & Ribbons
33%
Zombies on Broadway(2017) So Close
33%
Upside Down Flowers(2018) Teenage Rockstars
33%
Zombies on Broadway(2017) Zombies Intro
33%
Andrew McMahon in the Wilderness(2014) All Our Lives
0%
Andrew McMahon in the Wilderness(Bonus)(2014) Art School Girlfriend
0%
Zombies on Broadway(2017) Birthday Song
0%
Andrew McMahon in the Wilderness(2014) Black and White Movies
0%
Upside Down Flowers(2018) Blue Vacation
0%
Tilt at the Wind No More(2023) Built to Last
0%
Upside Down Flowers(2018) Careless
0%
Zombies on Broadway(2017) Dead Man's Dollar
0%
Zombies on Broadway(2017) Don't Speak for Me (True)
0%
Andrew McMahon in the Wilderness(2014) Driving Through a Dream
0%
Upside Down Flowers(2018) Everything Must Go
0%
Upside Down Flowers(2018) Goodnight, Rock and Roll
0%
Upside Down Flowers(2018) House in the Trees
0%
Zombies on Broadway(2017) Island Radio
0%
Tilt at the Wind No More(2023) Last Rites
0%
Tilt at the Wind No More(2023) Little Disaster
0%
Andrew McMahon in the Wilderness(Bonus)(2014) Lottery Ticket
0%
Zombies on Broadway(2017) Love and Great Buildings
0%
Andrew McMahon in the Wilderness(2014) Maps for the Getaway
0%
Tilt at the Wind No More(2023) Nobody Tells You When You're Young
0%
Upside Down Flowers(2018) Paper Rain
0%
Andrew McMahon in the Wilderness(2014) Rainy Girl
0%
Zombies on Broadway(Bonus)(2017) Rich Kids with Summer Jobs
0%
Andrew McMahon in the Wilderness(2014) See Her on the Weekend
0%
Andrew McMahon in the Wilderness(Bonus)(2014) Shelter Breaks
0%
Zombies on Broadway(2017) Shot Out of a Cannon
0%
Tilt at the Wind No More(2023) Skywriting
0%
Tilt at the Wind No More(2023) Stars
0%
Tilt at the Wind No More(2023) Submarine
0%
Upside Down Flowers(2018) This Wild Ride
0%
Zombies on Broadway(Bonus)(2017) Throwing Punches
0%
Tilt at the Wind No More(2023) VHS
0%
Zombies on Broadway(2017) Walking in My Sleep
0%
No matching quizzes found
Score Distribution
Percent of People with Each Score
Percentile by Number Answered
Your Score History
You have not taken this quiz